Pays les plus proches de l'Antarctique sur une carte - Statistiques

Statistiques générales
  • Ce quiz a été pris 28 186 fois
  • Le résultat moyen est 17 sur 20
Réponses sur la Carte
Les réponses sont colorées sur une échelle allant du rouge au vert en fonction du pourcentage des utilisateurs qui les ont devinées à leur premier essai. Vous pouvez retrouver ces pourcentages ci-dessous.
 
Statistiques - réponses
km Pays % Correct
3 856 Afrique du Sud
99%
1 023 Argentine
99%
1 005 Chili
99%
2 518 Australie
98%
3 292 Brésil
98%
4 513 Madagascar
97%
2 484 Nouvelle-Zélande
95%
3 151 Uruguay
95%
5 094 Pérou
94%
3 978 Paraguay
93%
4 523 Bolivie
91%
4 236 Lesotho
84%
4 513 Namibie
79%
5 070 Zimbabwe
78%
4 646 Mozambique
77%
4 597 Eswatini
75%
4 714 Botswana
73%
5 052 Île Maurice
69%
5 576 Malawi
64%
5 438 Vanuatu
45%
Aucun quiz correspondant
Distribution des résultats
% des personnes avec chaque résultat
Percentile par nombre de réponses
Votre historique - résultats
Vous n’avez pas pris ce quiz